Light (Record no. 15810)

000 -LEADER
fixed length control field 00520nam a22002051 4500
001 - CONTROL NUMBER
control field 15810
003 - CONTROL NUMBER IDENTIFIER
control field BD-DhUET
008 - FIXED-LENGTH DATA ELEMENTS--GENERAL INFORMATION
fixed length control field 921020s1963 enk 000 0 eng d
040 ## - CATALOGING SOURCE
Original cataloging agency DLC
Transcribing agency DLC
Modifying agency BD-DhUET
082 ## - DEWEY DECIMAL CLASSIFICATION NUMBER
Classification number 535
Item number DIT/1963
100 1# - MAIN ENTRY--PERSONAL NAME
Personal name Ditchburn, R. W.
245 10 - TITLE STATEMENT
Title Light
250 ## - EDITION STATEMENT
Edition statement 2nd ed.
260 ## - PUBLICATION, DISTRIBUTION, ETC. (IMPRINT)
Place of publication, distribution, etc. London
Name of publisher, distributor, etc. Blackie & Son
Date of publication, distribution, etc. 1963
300 ## - PHYSICAL DESCRIPTION
Extent xii, 833 p.
Other physical details ill.
490 ## - SERIES STATEMENT
Series statement Titles in the E. L. B. S. Low-Priced textbook series
504 ## - BIBLIOGRAPHY, ETC. NOTE
Bibliography, etc Includes bibliographies
650 #0 - SUBJECT ADDED ENTRY--TOPICAL TERM
Topical term or geographic name as entry element Light
942 ## - ADDED ENTRY ELEMENTS (KOHA)
Koha item type General Book
Holdings
Piece designation (barcode) Not for loan Damaged status Shelving location Koha full call number Location (home branch) Price effective from Koha item type Withdrawn status Source of classification or shelving scheme Lost status Sublocation or collection (holding branch) Koha date last seen Date acquired Koha normalized classification for sorting Copy number
13453  Circulation section535/DIT/1963Central Library, BUET2015-03-15General Book   Central Library, BUET2015-03-152015-03-15535_000000000000000_DIT_19631
13450  Circulation section535/DIT/1963Central Library, BUET2015-03-19General Book   Central Library, BUET2015-03-192015-03-19535_000000000000000_DIT_19632
20826  Circulation section535/DIT/1963Central Library, BUET2015-03-19General Book   Central Library, BUET2015-03-192015-03-19535_000000000000000_DIT_19633
16978  Circulation section535/DIT/1963Central Library, BUET2015-03-21General Book   Central Library, BUET2015-03-212015-03-21535_000000000000000_DIT_19634
13451  Circulation section535/DIT/1963Central Library, BUET2015-03-21General Book   Central Library, BUET2015-03-212015-03-21535_000000000000000_DIT_19635
20825  Circulation section535/DIT/1963Central Library, BUET2015-03-21General Book   Central Library, BUET2015-03-212015-03-21535_000000000000000_DIT_19636
5241  Circulation section535/DIT/1963Central Library, BUET2015-03-21General Book   Central Library, BUET2015-03-212015-03-21535_000000000000000_DIT_19637
13452  Circulation section535/DIT/1963Central Library, BUET2015-03-21General Book   Central Library, BUET2015-03-212015-03-21535_000000000000000_DIT_19638